000 00406nam a22001697a 4500
005 20180321111949.0
008 160531b xxu||||| |||| 00| 0 eng d
020 _a81-203-2731-4
041 _aeng
082 _b6281
_a338.5024658
100 _aMaheshwari, Yogesh
_9418
245 _aManagerial Economics
260 _aNew Delhi
_bPHI,
_c2005
300 _a265
650 _aManagement
_9241
942 _cBK
999 _c2223
_d2222